Capitales des Pays, États non reconnus et Territoires du Monde - Quiz - Statistiques

Statistiques générales
  • Ce quiz a été pris 1 025 fois
    1 015 depuis la dernière actualisation
  • Le résultat moyen est 160 sur 259
Statistiques - réponses
Hint Réponse % Correct
Algérie Alger
87%
Allemagne Berlin
87%
Angleterre | Royaume-Uni Londres
87%
Afrique du Sud Pretoria/Bloemfontein/Le Cap
87%
Afghanistan Kaboul
86%
Andorre Andorre-la-Vieille
85%
Albanie Tirana
85%
Belgique Bruxelles
82%
Argentine Buenos Aires
82%
Australie Canberra
82%
Autriche Vienne
82%
France Paris
81%
Espagne Madrid
80%
Arabie Saoudite Riyad
79%
États-Unis Washington
79%
Grèce Athènes
78%
Brésil Brasilia
78%
Bangladesh Dacca
78%
Égypte Le Caire
78%
Canada Ottawa
78%
Chine Pékin
78%
Bulgarie Sofia
78%
Azerbaïdjan Bakou
77%
Colombie Bogotá
77%
Danemark Copenhague
77%
Finlande Helsinki
77%
Cuba La Havane
77%
Biélorussie Minsk
77%
Italie Rome
77%
Corée du Sud Séoul
77%
Bolivie Sucre/La Paz
77%
Japon Tokyo
77%
Croatie Zagreb
77%
Hongrie Budapest
76%
Chypre Nicosie
76%
Chili Santiago
76%
Pays-Bas Amsterdam
75%
Irlande Dublin
75%
Arménie Erevan
75%
Luxembourg Luxembourg
75%
Mexique Mexico
75%
Monaco Monaco
75%
Inde New Delhi
75%
Bosnie-Herzégovine Sarajevo
75%
Estonie Tallinn
75%
Djibouti Djibouti
74%
Israël Jérusalem
74%
Jamaïque | Île Norfolk Kingston
74%
Saint-Vincent-et-les-Grenadines Kingstown
74%
Malte La Valette
74%
Portugal Lisbonne
74%
Russie Moscou
74%
Bahamas Nassau
74%
Corée du Nord Pyongyang
74%
Maroc Rabat
74%
Lettonie Riga
74%
Irak Bagdad
73%
Liban Beyrouth
73%
Pérou Lima
73%
Angola Luanda
73%
Norvège Oslo
73%
Haïti Port-au-Prince
73%
Islande Reykjavik
73%
Iran Téhéran
73%
Tunisie Tunis
73%
Pologne Varsovie
73%
Lituanie Vilnius
73%
Indonésie Jakarta
72%
Équateur Quito
72%
Cameroun Yaoundé
72%
Émirats arabes unis Abou Dabi
71%
Mali Bamako
71%
Guadeloupe Basse-terre
71%
Saint-Christophe-et-Niévès Basseterre
71%
Belize Belmopan
71%
Suisse Berne
71%
Guinée-Bissau Bissau
71%
Roumanie Bucarest
71%
Qatar Doha
71%
Guatemala Guatemala
71%
Ukraine Kiev
71%
Koweït Koweït
71%
Gabon Libreville
71%
Kenya Nairobi
71%
Burkina Faso Ouagadougou
71%
Panama Panama
71%
Cambodge Phnom Penh
71%
Kosovo Pristina
71%
Singapour Singapour
71%
Macédoine du Nord Skopje
71%
Suède Stockholm
71%
Nouvelle-Zélande Wellington
71%
Turquie Ankara
70%
Kazakhstan Astana
70%
Serbie Belgrade
70%
République du Congo Brazzaville
70%
Moldavie Chișinău
70%
Guyana | Île de l'Ascension | Îles Caïmans Georgetown
70%
Gibraltar Gibraltar
70%
Pakistan Islamabad
70%
République démocratique du Congo Kinshasa
70%
Philippines Manille
70%
Uruguay Montevideo
70%
Monténégro Podgorica
70%
République tchèque Prague
70%
Antigua-et-Barbuda Saint John's
70%
Costa Rica San José
70%
Géorgie Tbilissi
70%
Libye Tripoli
70%
Côte d'Ivoire Yamoussoukro
70%
Ghana Accra
69%
Éthiopie Addis-Abeba
69%
Madagascar Antananarivo
69%
Thaïlande Bangkok
69%
Slovaquie Bratislava
69%
Sénégal Dakar
69%
Syrie Damas
69%
Slovénie Ljubljana
69%
Bahreïn Manama
69%
Mongolie Oulan-Bator
69%
Bénin Porto-Novo
69%
Liechtenstein Vaduz
69%
Jordanie Amman
68%
Viêt Nam Hanoï
68%
Népal Katmandou
68%
Malaisie Kuala Lumpur
68%
Saint-Marin Saint-Marin
68%
Taïwan Taïpei
68%
Paraguay Asunción
67%
Barbade Bridgetown
67%
Venezuela Caracas
67%
Guinée Conakry
67%
Cap-Vert Praia
67%
Dominique Roseau
67%
Salvador San Salvador
67%
Bhoutan Thimphou
67%
Brunei Bandar Seri Begawan
66%
Écosse Édimbourg
66%
Botswana Gaborone
66%
Hong Kong Hong Kong
66%
Ouzbékistan Tachkent
66%
Érythrée Asmara
65%
Gambie Banjul
65%
Sierra Leone Freetown
65%
Burundi Gitega
65%
Soudan Khartoum
65%
Maldives Malé
65%
Nicaragua Managua
65%
République dominicaine Saint Domingue
65%
São Tomé-et-Principe São Tomé
65%
Laos Vientiane
65%
Nigeria Abuja
64%
République Centrafricaine Bangui
64%
Malawi Lilongwe
64%
Guinée équatoriale Malabo
64%
Oman Mascate
64%
Somalie Mogadiscio
64%
Mauritanie Nouakchott
64%
Papouasie-Nouvelle-Guinée Port Moresby
64%
Fidji Suva
64%
Seychelles Victoria
64%
Namibie Windhoek
64%
Kirghizistan Bichkek
63%
Rwanda Kigali
63%
Eswatini Mbabane
63%
Comores Moroni
63%
Grenade Saint-Georges
63%
Yémen Sanaa
63%
Honduras Tegucigalpa
63%
Tadjikistan Douchanbé
62%
Togo Lomé
62%
Liberia Monrovia
62%
Niger Niamey
62%
Île Maurice Port Louis
62%
Sri Lanka Sri Jayawardenapura Kotte/Columbo
62%
Turkménistan Achgabat
61%
Irlande du Nord Belfast
61%
Timor oriental Dili
61%
Zimbabwe Harare
61%
Ouganda Kampala
61%
Lesotho Maseru
61%
Tchad N'Djamena
61%
Suriname Paramaribo
61%
La Réunion Saint-Denis
61%
Zambie Lusaka
60%
Myanmar (Birmanie) Naypyidaw
60%
Sainte-Lucie Castries
59%
Soudan du Sud Djouba
59%
Martinique Fort-de-France
59%
Mozambique Maputo
59%
Trinité-et-Tobago Port d'Espagne
59%
Pays de Galles Cardiff
58%
Tanzanie Dodoma
58%
Palaos Ngerulmud
58%
Vanuatu Port-Vila
58%
Nauru Yaren
58%
Samoa Apia
57%
Tuvalu Funafuti
57%
Îles Salomon Honiara
57%
Macao Macao
57%
Groenland Nuuk
57%
Micronésie Palikir
57%
Guyane Française Cayenne
56%
Îles Marshall Majuro
56%
Tonga Nuku'alofa
56%
Kiribati Tarawa
55%
Saint-Pierre-et-Miquelon Saint-Pierre
52%
Mayotte Mamoudzou
50%
Nouvelle-Calédonie Nouméa
48%
Polynésie Française Papeete
46%
Palestine Ramallah
46%
Porto Rico San Juan
45%
Aruba | Saint-Eustache Oranjestad
43%
Vatican Cité du Vatican
41%
Îles Canaries Santa Cruz de Tenerife/Las Palmas de Grande Canarie
38%
Anguilla The Valley
37%
Bermudes Hamilton
36%
Curaçao Willemstad
36%
Île de Man Douglas
34%
Abkhazie Soukhoumi/Sokhoumi
32%
République arabe sahraouie démocratique (Sahara Occidental) Laâyoune/Tifariti
31%
Transnistrie Tiraspol
31%
Îles Féroé Tórshavn
31%
Niue Alofi
30%
Chypre du Nord Nicosie du Nord
30%
Samoa Américaines Pago Pago
30%
Îles Vierges des États-Unis Charlotte Amalie/Charlotte-Amélie
29%
Jersey Saint-Helier
29%
Guernesey Saint-Pierre-Port
28%
Îles Pitcairn Adamstown
27%
Îles Turques-et-Caïques Cockburn Town
27%
Bonaire Kralendijk
27%
Îles Vierges britanniques Road Town
27%
Îles Cook Avarua
26%
Île Christmas Flying Fish Cove
25%
Îles Malouines Port Stanley
25%
Guam Hagåtña
24%
Sainte-Hélène Jamestown
24%
Tristan da Cunha Édimbourg des Sept Mers
23%
Wallis-et-Futuna Mata Utu
23%
Montserrat Plymouth/Brades
23%
Îles Mariannes du Nord Saipan
23%
Îles Cocos (Keeling) West Island
22%
Sint Maarten Philipsburg
21%
Saba The Bottom
21%
Saint-Martin Marigot
20%
Saint-Barthélemy Gustavia
19%
Haut-Karabagh Khankendi/Stepanakert
19%
Svalbard et Jan Mayen Longyearbyen
19%
Somaliland Hargeisa
18%
Île Åland Mariehamn
17%
Tokelau Fakaofo/Atafu/Nukunonu
13%
Ossétie du Sud Tskhinvali
12%
Territoire Britannique de l'Océan Indien Camp Thunder Cove
10%
Aucun quiz correspondant
Distribution des résultats
% des personnes avec chaque résultat
Percentile par nombre de réponses
Votre historique - résultats
Vous n’avez pas pris ce quiz depuis la dernière actualisation